Institutional change and the political transition in Hong Kong / (Record no. 423)
[ view plain ]
| 000 -LEADER | |
|---|---|
| fixed length control field | 00599nam a2200205 4500 |
| 003 - CONTROL NUMBER IDENTIFIER | |
| control field | OSt |
| 005 - DATE AND TIME OF LATEST TRANSACTION | |
| control field | 20140917134547.0 |
| 008 - FIXED-LENGTH DATA ELEMENTS--GENERAL INFORMATION | |
| fixed length control field | 140917b xxu||||| |||| 00| 0 eng d |
| 020 ## - INTERNATIONAL STANDARD BOOK NUMBER | |
| International Standard Book Number | 0333692454 |
| 040 ## - CATALOGING SOURCE | |
| Transcribing agency | 040a |
| 082 ## - DEWEY DECIMAL CLASSIFICATION NUMBER | |
| Edition number | 19 |
| Classification number | 306.20951 |
| Item number | INS 1998 |
| 245 ## - TITLE STATEMENT | |
| Title | Institutional change and the political transition in Hong Kong / |
| Statement of responsibility, etc. | Ian Scott |
| 260 ## - PUBLICATION, DISTRIBUTION, ETC. (IMPRINT) | |
| Place of publication, distribution, etc. | Australia |
| Name of publisher, distributor, etc. | Macmillan |
| Date of publication, distribution, etc. | 1998 |
| 300 ## - PHYSICAL DESCRIPTION | |
| Extent | xvi, 252p ; |
| Other physical details | ill : |
| Dimensions | 10 cm. |
| 440 ## - SERIES STATEMENT/ADDED ENTRY--TITLE | |
| Title | International political economy series |
| 9 (RLIN) | 970 |
| 504 ## - BIBLIOGRAPHY, ETC. NOTE | |
| Bibliography, etc | includes index |
| 650 ## - SUBJECT ADDED ENTRY--TOPICAL TERM | |
| Topical term or geographic name as entry element | Hong Kong |
| 9 (RLIN) | 1115 |
| 700 ## - ADDED ENTRY--PERSONAL NAME | |
| Personal name | Scott, Ian. |
| 9 (RLIN) | 1116 |
| 942 ## - ADDED ENTRY ELEMENTS (KOHA) | |
| Source of classification or shelving scheme | Dewey Decimal Classification |
| Koha item type | Short Loan |
| Withdrawn status | Lost status | Source of classification or shelving scheme | Damaged status | Not for loan | Home library | Current library | Date acquired | Inventory number | Total Checkouts | Full call number | Barcode | Date last seen | Price effective from | Koha item type |
|---|---|---|---|---|---|---|---|---|---|---|---|---|---|---|
| Dewey Decimal Classification | MUST Main Library | MUST Main Library | 17/09/2014 | 2003/18963 | 306.20951 INS 1998 | 2014-2785 | 17/09/2014 | 17/09/2014 | Short Loan | |||||
| Dewey Decimal Classification | MUST Main Library | MUST Main Library | 17/09/2014 | 2003/18971 | 306.20951 INS 1998 | 2014-2786 | 17/09/2014 | 17/09/2014 | Short Loan |
